000 00914nas a2200265 4500
001 BR0801800
003 BR-BrBNA
005 20231205111812.0
007 ta
008 230509b bl.|||p| |||| 00| 00por d
040 _aBR-BrBNA
_bpor
_cBiblioteca Nacional de Agricultura
041 _a(Pt)
072 _aH20
100 1 _aBerni, R.F.
100 1 _aCamarano, L.F.
100 1 _aCosta, J.L. da S.
245 1 _aUso de promotor de crescimento e de bioprotetor na cultura do arroz irrigado e seu efeito sobre a incidência da mancha-de-grãos
650 _aARROZ IRRIGADO
650 _aHELMINTHOSPORIUM ORYZAE
650 _aMANCHA PARDA
650 _aCONTROLE QUÍMICO
773 0 _tAnais da Escola de Agronomia e Veterinária - Universidade Federal de Goiás (Brazil)
_xISSN 0100-218X
_g(Jan-Jun 1998), v. 28(1) p. 9-16
_wBR0801800
909 _a202311
_bLúcia
_c55
_dLúcia Elande
942 _2AGRIS
_n0
_cANA
999 _c194542
_d194542